Statistics for Mal's General Knowledge 4

Click here to take the quiz!

General Stats

  • This quiz has been taken 500 times
  • The average score is 9 of 20

Answer Stats

Hint Answer % Correct
In cookery what is the main constituent of a 'Risotto' reciperice
82%
In Chess which piece always remains on the same coloured squaresBishop
82%
How many legs has a 'Mite'8
81%
What is the tendon at the top of the human heel calledAchilles Tendon
78%
Who is the Author of 'Pride and Prejudice'Jane Austen
77%
The SUN is mostly composed of what elementHydrogen
75%
From which religion does 'Yoga' originateHinduism
69%
What is a CassowaryBird
62%
Which country has won the tennis 'Davis Cup' the most timesUSA
62%
Napoleon was born on which IslandCorsica
56%
Capital of ParaguayAsuncion
50%
'Thus Spake Zarathustra' by Strauss was used in which Kubrik film2001: A Space Odyssey
37%
What is the longest River in AustraliaThe Murray
29%
What is the name given to the largest of the two Martian moonsPhobos
23%
In the periodic table of elements, what number is Uranium92
21%
What plant was the main cargo of the 'Bounty' during the mutinyBreadfruit
9%
In which county of England was George Washington's G/Grandfather 'John' bornEssex
9%
In Mythology, who destroyed the winged monster 'The Sphinx'Oedipus
8%
Who said "The Female of the species is more deadly than the male"Rudyard Kipling
4%
Who composed the Opera "The Love of Three OrangesSergei Prokofiev
4%

Score Distribution

Percentile by Number Answered

Percent of People with Each Score

Your Score History

You have not taken this quiz